Normal view
MARC view
- Relations industrielles
Entry Topical Term
001 - CONTROL NUMBER
- control field: 90975
003 - CONTROL NUMBER IDENTIFIER
- control field: NUST
005 - DATE AND TIME OF LATEST TRANSACTION
- control field: 20220418092602.0
008 - FIXED-LENGTH DATA ELEMENTS
- fixed length control field: 220418|| aca||aabn | a|a d
040 ## - CATALOGING SOURCE
- Original cataloging agency: NUST
- Transcribing agency: NUST
150 ## - HEADING--TOPICAL TERM
- Topical term or geographic name entry element: Relations industrielles
670 ## - SOURCE DATA FOUND
- Source citation: Work cat.: (NUST)523435: The Journal of industrial relations.
